Residuals and influence in regression

Збережено в:
Бібліографічні деталі
Автори: Cook, R. Dennis (Автор), Weisberg, Sanford (Автор)
Формат: Книга
Мова:Англійська
Опубліковано: Londres Chapman and Hall 1982
Серія:Monographs on statistics and applied probability, 18
Предмети:
Теги: Додати тег
Немає тегів, Будьте першим, хто поставить тег для цього запису!

MARC

LEADER 00000nam a2200000 a 4500
001 UCW1377
003 CL-VaPUC
008 920519e19820000UK |||||||||||||||||eng|d
082 0 4 |a 519.54  |b COO  |2 21 
100 0 |a Cook, R. Dennis  |e author  |9 305304 
700 0 |a Weisberg, Sanford  |e author  |9 305305 
245 1 0 |a Residuals and influence in regression 
300 |a 230 p 
942 |c BK 
945 |d 19920519 00:00:00 
260 |a Londres  |b Chapman and Hall  |c 1982 
650 0 |a Análisis de regresión   |9 263763 
583 |a last modification  |c 19920519 00:00:00  |k Rodrigo Vera 
490 0 |a Monographs on statistics and applied probability, 18 
999 |c 216273  |d 216271 
952 |0 0  |1 0  |4 0  |6 519_540000000000000_COO_1982  |7 0  |8 A  |9 201816  |a BIBGIM  |b BIBGIM  |d 2019-11-14  |i 2690659  |o 519.54 COO 1982  |p 2690659  |r 2025-01-15  |w 2019-11-14  |y BK  |k EST